000 00291nam a22001337a 4500
003 SGT
082 _a370
_bA14R
100 _aRAO, N.M.
245 _aA MANUAL OF MATHEMATICS LABORATORY
260 _aNEW DELHI
_bNEELKAMAL PUB
_c2014
300 _a396
650 _aEDUCATION
942 _2ddc
_cBK
999 _c12392
_d12392